Variaciones sobre Hegel
Uloženo v:
| Hlavní autor: | |
|---|---|
| Médium: | Kniha |
| Jazyk: | španělština |
| Vydáno: |
Madrid
CIVITAS
1987
|
| Edice: | Cuadernos Civitas
|
| Témata: | |
| Tagy: |
Přidat tag
Žádné tagy, Buďte první, kdo vytvoří štítek k tomuto záznamu!
|
MARC
| LEADER | 00000nam a2200000 a 4500 | ||
|---|---|---|---|
| 001 | UCV2566 | ||
| 003 | CL-VaPUC | ||
| 005 | 20230421074439.0 | ||
| 008 | 920831e19870000SP |||||||||||||||||spa|d | ||
| 999 | |c 210099 |d 210097 | ||
| 040 | |c Pontificia Universidad Católica de Valparaíso | ||
| 082 | 0 | 4 | |a 193 |b ALO |2 21 |
| 100 | 0 | |a Alonso Olea, Manuel |e author |9 296802 | |
| 245 | 1 | 0 | |a Variaciones sobre Hegel |
| 260 | |a Madrid |b CIVITAS |c 1987 | ||
| 300 | |a 100 p | ||
| 490 | 0 | |a Cuadernos Civitas | |
| 583 | |a last modification |c 20131014 04:17:10 |k Rodrigo Vera | ||
| 600 | 0 | |a Hegel, Georg Wilhelm Friedrich |d 1770-1831 |9 860268 | |
| 650 | 0 | |a Crítica e interpretación |9 255042 | |
| 942 | |c BK |2 ddc | ||
| 945 | |d 19920831 00:00:00 | ||
| 952 | |0 0 |1 0 |4 0 |6 193_000000000000000_ALO_1987 |7 0 |8 DER_TF |9 186120 |a BIBDER |b BIBDER |d 2019-11-14 |i 2535858 |l 1 |o 193 ALO 1987 |p 2535858 |r 2023-01-25 |s 2020-03-16 |w 2019-11-14 |x Ubicación 4to Piso |y BK |z Estos recursos deben solicitarse con anticipación |k DER | ||